00729cam a22002531i 4500001001300000003000400013005001700017008004100034010001700075035001900092040002500111041001100136042001200147050001700159100004100176245007600217250001400293260003700307300002800344500002700372500003200399630002700431999001700458sa 65001540 DLC20260227112109.0830629m19009999io 000 0 ind  asa 65001540  a(OCoLC)9655084 aDLCcOAUdOCoLCdDLC0 aindarb apremarc00aBP130.4b.A82 aAsh Shiddieqy, M. Hasbi,cT.,d1906-10aTafsier al-Qurânul madjied "An-Nur" /c[oleh] M. Hasbi Ash-shiddieqy. a[Tjet. 2] aDjakarta :bBulan Bintang,c19-- av. :bill. ;c22-24 cm. aIndonesian and Arabic. aVols.7, 15-17, 30: tjet. 1.00aQurʼanxCommentaries. c62093d62093